| 000 | 00719nam a2200193 a 4500 | ||
|---|---|---|---|
| 008 | 111011s1978 ||||||||||||||||| || u | ||
| 020 | _a0801606683 | ||
| 050 | _aRT 73 Bev | ||
| 100 | _aBevis, Em Olivia | ||
| 245 | 1 | 0 | _aCurriculum building in nursing: a process. (2nd ed.) |
| 250 | _a2nd ed. | ||
| 260 |
_aMissouri: _bThe C.V. mosby Company _c1978 |
||
| 300 | _axi, 242p.: ill. | ||
| 350 | _a0.00 | ||
| 650 | 0 | _aCURRICULUM PLANNING | |
| 650 | _aNURSING--STUDY AND TEACHING | ||
| 650 | _aNURSING--HANDBOOKS, MANUALS, ETC | ||
| 995 |
_aMEDICAL LIBRARY OPEN ACCESS _D0.00 _e900120 _FCBU-SCHOOL OF MEDICINE LIBRARY (Ndola) _H1 _I0.00 _jRT 73 Bev _M1 _UAVAILABLE _WOct 11, 2011 _y900120 _ZMedical Library Open Access Collection |
||
| 999 |
_c31203 _d31203 |
||